Glimpses of changing banking scenario / (Record no. 40064)

MARC details
000 -LEADER
fixed length control field 00944nam a22002417a 4500
005 - DATE AND TIME OF LATEST TRANSACTION
control field 20100807140449.0
010 ## - LCCN (DPL NO)
LC control number ENG-98860 G-001349
020 ## - INTERNATIONAL STANDARD BOOK NUMBER
International Standard Book Number 9788177669619
Terms of availability 300.00
035 1d - SYSTEM CONTROL NUMBER
System control number EN-82392
035 1d - SYSTEM CONTROL NUMBER
System control number G-001349
037 ## - SOURCE OF ACQUISITION
Source of stock number/acquisition DBAD/PUB
037 ## - SOURCE OF ACQUISITION
Source of stock number/acquisition Gift
082 ## - DEWEY DECIMAL CLASSIFICATION NUMBER
Classification number 332.1092
100 ## - MAIN ENTRY--PERSONAL NAME
Personal name Joshi,P N
245 ## - TITLE STATEMENT
Title Glimpses of changing banking scenario /
Statement of responsibility, etc by P N Joshi
260 ## - PUBLICATION, DISTRIBUTION, ETC. (IMPRINT)
Place of publication, distribution, etc Pune
Name of publisher, distributor, etc Mehta Publishing House
Date of publication, distribution, etc 2008
270 ## - ADDRESS
Address 1941 Sadashiv Peth Mediwale Colony Pune
City Pune
Postal code 411030
300 ## - PHYSICAL DESCRIPTION
Extent 295p
Dimensions 21cm(pbk)
942 ## - ADDED ENTRY ELEMENTS (KOHA)
Source of classification or shelving scheme Dewey Decimal Classification
Item type English Books
Classification part 332.1092
Call number suffix JOS
Holdings
Withdrawn status Lost status Not for loan Collection code Home library Current library Date acquired Source of acquisition Cost, normal purchase price Full call number Barcode Copy number Cost, replacement price Koha item type
    Not For Loan Non-fiction D.B.Act.Division D.B.Act.Division 07/08/2010 DBAD/PUB 300.00 332.1092 JOS EN-82392 1 300.00 English Books
      Non-fiction Janak Puri Janak Puri 06/09/2011 gift 300.00 332.1092 JOS G-001349 1 300.00 English Books

© Delhi Public Library
Hit Counter
free hit counter